WTA Tennis Tournaments 2016 - Statistics

General Stats
  • This quiz has been taken 162 times
  • The average score is 27 of 54
Answer Stats
Tournament Type Answer % Correct
Premier Mandatory Madrid
94%
Premier 5 Rome
91%
Premier Mandatory Miami
87%
Premier Mandatory Beijing
86%
Premier Mandatory Indian Wells
86%
Premier Sydney
81%
Premier Tokyo
79%
Premier 5 Montreal
77%
Premier Dubai
75%
Premier 5 Doha
74%
Premier Eastbourne
72%
Premier Moscow
72%
Premier Stuttgart
72%
Premier Brisbane
71%
International Auckland
68%
Premier 5 Cincinnati
65%
International Prague
64%
Premier Birmingham
63%
Premier 5 Wuhan
57%
Premier St Petersburg
56%
International Bucharest
55%
International Istanbul
53%
International Nottingham
49%
International Rio de Janeiro
49%
International Seoul
49%
International Washington DC
49%
International Linz
46%
International Strasbourg
46%
International Acapulco
45%
Premier Charleston
45%
International Bastad
43%
International Rabat
43%
International Bogota
41%
International Hobart
41%
International s- Hertogenbosch
41%
Premier New Haven
40%
International Monterrey
38%
International Luxembourg
37%
International Mallorca
37%
International Osaka
37%
International Shenzhen
35%
International Katowice
34%
Premier Stanford
34%
International Kuala Lumpur
31%
International Hong Kong
30%
International Tianjin
30%
International Guangzhou
28%
International Tashkent
27%
International Quebec City
24%
International Florianopolis
16%
International Bad Gastein
10%
International Louisville
5%
International Nuremburg
5%
International Kaohsiung
4%
No matching quizzes found
Score Distribution
Percent of People with Each Score
Percentile by Number Answered
Your Score History
You have not taken this quiz